Swim Meet Events in order (US) - Statistics

General Stats
  • This quiz has been taken 16 times
  • The average score is 8 of 12
Answer Stats
# Event % Correct
2 200-yard freestyle
100%
1 200-yard medley relay
100%
3 200-yard individual medley
88%
11 100-yard breaststroke
75%
4 50-yard freestyle
75%
10 100-yard backstroke
63%
7 100-yard freestyle
63%
12 400-yard freestyle relay
63%
6 100-yard butterfly
50%
9 200-yard freestyle relay
50%
8 500-yard freestyle
50%
5 One-meter Diving
50%
No matching quizzes found
Score Distribution
Percent of People with Each Score
Percentile by Number Answered
Your Score History
You have not taken this quiz